[Event "Santo Tome op Rapid"]
[Site "Santo Tome"]
[Date "2015.07.10"]
[Round "1.4"]
[White "Gatti, Carlos Eusebio"]
[Black "Mendez, Marcelo"]
[Result "1-0"]
[WhiteElo "2017"]
[BlackElo "1930"]
[PlyCount "135"]
[EventDate "2015.07.10"]
[EventType "tourn (rapid)"]
[EventRounds "6"]
[EventCountry "ARG"]
[SourceTitle "EXT 2024"]
[Source "ChessBase"]
[SourceDate "2023.10.10"]
[SourceVersion "1"]
[SourceVersionDate "2023.10.10"]
[SourceQuality "1"]

1. c4 c5 2. Nc3 Nc6 3. Nf3 e5 4. g3 d6 5. Bg2 Nf6 6. d3 Be7 7. 0-0 0-0 8. Rb1 Rb8 9. Bd2 h6 10. a3 Bd7 11. b4 b6 12. b5 Nd4 13. Re1 Qc8 14. Nxd4 exd4 15. Nd5 Nxd5 16. Bxd5 Bf6 17. a4 Re8 18. Ra1 a5 19. Rb1 Bg4 20. Bf4 Be5 21. Qd2 Qd8 22. Kg2 Bc8 23. h4 Bb7 24. e4 Bxd5 25. exd5 Qf6 26. Bxe5 Rxe5 27. Rxe5 dxe5 28. Qe2 Qf5 29. Re1 f6 30. Qf3 Qxf3+ 31. Kxf3 Kf7 32. Ke4 Re8 33. g4 g6 34. Rg1 Rg8 35. Rg3 Ke7 36. g5 hxg5 37. hxg5 Rf8 38. gxf6+ Rxf6 39. Kxe5 Rf5+ 40. Ke4 Rf6 41. f4 Kf7 42. Rg5 Rd6 43. f5 gxf5+ 44. Rxf5+ Ke7 45. Rh5 Rg6 46. Ke5 Kd7 47. Rh7+ Kc8 48. Rf7 Rg3 49. Kd6 Rg6+ 50. Ke7 Rg3 51. Rf8+ Kb7 52. d6 Re3+ 53. Kd8 Rxd3 54. Rf7+ Kb8 55. d7 Re3 56. Re7 Rh3 57. Re6 Kb7 58. Ke7 Rh7+ 59. Kd6 Rh8 60. Re8 Rh6+ 61. Re6 Rh8 62. Re8 Rh6+ 63. Re6 Rh8 64. Rf6 d3 65. Rf2 Rh6+ 66. Ke7 Rh7+ 67. Ke8 d2 68. d8Q 1-0

[Event "Santo Tome op Rapid"]
[Site "Santo Tome"]
[Date "2015.07.10"]
[Round "5.1"]
[White "Mendez, Marcelo"]
[Black "Gando, Ignacio"]
[Result "0-1"]
[WhiteElo "1930"]
[BlackElo "1771"]
[PlyCount "94"]
[EventDate "2015.07.10"]
[EventType "tourn (rapid)"]
[EventRounds "6"]
[EventCountry "ARG"]
[SourceTitle "EXT 2024"]
[Source "ChessBase"]
[SourceDate "2023.10.10"]
[SourceVersion "1"]
[SourceVersionDate "2023.10.10"]
[SourceQuality "1"]

1. e4 c5 2. c4 g6 3. Nc3 Bg7 4. Nf3 Nc6 5. Be2 d6 6. d3 Nf6 7. h3 0-0 8. 0-0 Nd7 9. Rb1 Nde5 10. Bf4 Nxf3+ 11. Bxf3 Nd4 12. Be3 Bd7 13. Be2 Qa5 14. Bd2 Qd8 15. Nd5 e6 16. Ne3 Bc6 17. b4 b6 18. b5 Bb7 19. Nc2 d5 20. Nxd4 Bxd4 21. exd5 exd5 22. Bf3 Qd7 23. Be3 Bxe3 24. fxe3 dxc4 25. dxc4 Qe7 26. Qe2 Rae8 27. Bxb7 Qxb7 28. Qf3 Qe4 29. Rbc1 Qxe3+ 30. Qxe3 Rxe3 31. Rf6 Kg7 32. Rcf1 Re4 33. R6f4 Rxf4 34. Rxf4 Rd8 35. Rf3 Rd4 36. Rc3 Kf6 37. Kf1 Ke5 38. Ke2 f5 39. a4 g5 40. g3 h5 41. Kf3 h4 42. Ke2 Re4+ 43. Kf3 Kd4 44. Ra3 hxg3 45. a5 Kxc4 46. Kxg3 Re3+ 47. Rxe3 f4+ 0-1